Strzelcy bramek w 7 kolejce Ekstraklasy w sezonie 2020/21. - Statystyki

Ogólne statystyki
  • Ten quiz został rozwiązany 12 razy
  • Średni wynik to 11 z 22
Statystyki odpowiedzi
Mecz Piłkarz % Poprawnych
Legia Warszawa - Zagłębie Lubin 1:0 Pekhart
83%
Legia Warszawa - Zagłębie Lubin 2:1 Pekhart
83%
Stal Mielec - Wisła Kraków 0:4 Yeboah
75%
Stal Mielec - Wisła Kraków 0:5 Yeboah
75%
Górnik Zabrze - Raków Częstochowa 1:1 Ivi
67%
Górnik Zabrze - Raków Częstochowa 1:3 Ivi
67%
Stal Mielec - Wisła Kraków 0:2 Brown
58%
Górnik Zabrze - Raków Częstochowa 1:2 Tijanic
58%
Stal Mielec - Wisła Kraków 0:3 Chuca
50%
Stal Mielec - Wisła Kraków 0:1 Frydrych
50%
Lechia Gdańsk - Pogoń Szczecin 0:1 Gorgon
50%
Górnik Zabrze - Raków Częstochowa 1:0 Nowak
50%
Podbeskidzie - Warta Poznań 0:1 Kuzimski
42%
Jagiellonia Białystok - Lech Poznań 1:0 Romanczuk
42%
Podbeskidzie - Warta Poznań 1:1 Sitek
42%
Legia Warszawa - Zagłębie Lubin 1:1 Starzyński
42%
Cracovia - Piast Gliwice 1:0 van Amersfoort
42%
Wisła Płock - Śląsk Wrocław 1:0 Gjertsen
33%
Podbeskidzie - Warta Poznań 1:2 Kupczak
33%
Jagiellonia Białystok - Lech Poznań 2:0 Makuszewski
33%
Jagiellonia Białystok - Lech Poznań 2:1 Moder
33%
Stal Mielec - Wisła Kraków 0:6 Plewka
33%
Nie znaleziono quizów pasujących do podanych kryteriów
Rozkład punktacji
Procent ludzi z każdym wynikiem
Percentyl według liczby udzielonych odpowiedzi
Twoja historia wyników
Nie rozwiązałeś tego quizu